000 00968nam a2200301 a 4500
999 _c12372
_d12372
001 12372
003 BD-JhCC
005 20211115124738.0
008 210605s2003 mdu b 001 0 eng
020 _a1590080157 (pbk.)
035 _a(BD-JhCC)12372
040 _aDLC
_cDLC
_dDLC
_dBD-JhCC
041 _aeng
050 0 0 _aBT82.2
_b.H34 2003
082 0 0 _a277.3/083
_221
_bHAL 2003
100 1 _aHalsell, Grace.
245 1 0 _aForcing God's hand :
_bwhy millions pray for a quick rapture--and destruction of planet earth /
_cGrace Halsell.
250 _aRev. and enl. ed.
260 _aBeltsville, Md. :
_bAmana Publications,
_c2003.
300 _aviii, 164 p. ;
_c23 cm.
504 _aIncludes bibliographical references (p. 157-159) and index.
650 0 _aFundamentalism.
650 0 _aChristian Zionism.
650 0 _aEnd of the world.
651 0 _aUnited States
_xRelations
_zIsrael.
651 0 _aIsrael
_xRelations
_zUnited States.
942 _2ddc
_cBK